Ο Σμύρνης Χρυσόστομος

Αποθηκεύτηκε σε:
Λεπτομέρειες βιβλιογραφικής εγγραφής
Κύριος συγγραφέας: Σολομωνίδης, Χρήστος Σωκ., 1897-1976
Μορφή: Βιβλίο
Γλώσσα:Greek
Δημοσίευση: Αθήνα : Ειρμός, 1993.
Θέματα:
Ετικέτες: Προσθήκη ετικέτας
Δεν υπάρχουν, Καταχωρήστε ετικέτα πρώτοι!

MARC

LEADER 00000cam a2200000 i 4500
001 1/99295
008 950327s1993 gr | ||| |||| ||gre||
020 |a 9607063147 
035 |l 10011251 
040 |a GR-MyUa  |b gre  |e AACR2 
041 0 |a gre 
082 7 |a 208   |2 (22) 
100 1 |a Σολομωνίδης, Χρήστος Σωκ.,   |d 1897-1976. 
245 1 2 |a Ο Σμύρνης Χρυσόστομος /   |c Χρήστου Σωκρ. Σολομωνίδη ; φιλολογική επιμέλεια Θ. Πυλαρινός ; σχόλια-προσθήκες Ν. Βικέτος. 
260 |a Αθήνα :   |b Ειρμός,   |c 1993. 
300 |a 589 σ. :   |b εικ. ;   |c 24 εκ. 
504 |a Περιέχει βιβλιογραφία. 
600 0 0 |a Χρυσόστομος Καλαφάτης,   |c Μητροπολίτης Σμύρνης,   |d 1867-1922. 
610 2 0 |a Orthodox Eastern Church  |z Turkey  |z Izmir  |x Bishops  |x Biography. 
852 |a INST  |b LESVOS  |e 19950327  |h 208 ΣΟΛ  |p 005100002008  |q 005100002008  |t BK  |y 0 
970 |a ΚΑΜΑΤΣΟΥ  |b ΔΕΣΠΟΙΝΑ  |z 2000/01/03